000 01207nam a2200313Ia 4500
001 ebr10361290
003 CaPaEBR
006 m u
007 cr cn|||||||||
008 090814s2010 nju s 001 0 eng d
010 _z 2009031417
020 _z9780470390092 (cloth)
040 _aCaPaEBR
_cCaPaEBR
035 _a(OCoLC)610955925
050 1 4 _aQD471
_b.C337 2010eb
245 0 0 _aCarbon-centered free radicals and radical cations
_h[electronic resource] :
_bstructure, reactivity, and dynamics /
_cedited by Malcolm D. Forbes.
260 _aHoboken, NJ :
_bWiely,
_cc2010.
300 _axxii, 370 p.
500 _aIncludes index.
533 _aElectronic reproduction.
_bPalo Alto, Calif. :
_cebrary,
_d2010.
_nAvailable via World Wide Web.
_nAccess may be limited to ebrary affiliated libraries.
650 0 _aFree radicals (Chemistry)
650 0 _aCarbon, Activated.
650 0 _aReactivity (Chemistry)
650 0 _aCations.
655 7 _aElectronic books.
_2local
700 1 _aForbes, Malcolm D. E.,
_d1960-
710 2 _aebrary, Inc.
856 4 0 _uhttp://site.ebrary.com/lib/rucke/Doc?id=10361290
_zAn electronic book accessible through the World Wide Web; click to view
999 _c105846
_d105846